Can you name a Taylor Swift song for each track number? - Statistics

General Stats
  • This quiz has been taken 75 times
  • The average score is 13 of 15
Answer Stats
Track No. Answers % Correct
1 Tim McGraw | Fearless | Mine | State Of Grace | Welcome To New York | ...Ready For It? | I Forgot That You Existed | the 1 | willow | Lavender Haze | Fortnight | The Fate of Ophelia
100%
2 Picture To Burn | Fifteen | Sparks Fly | Red | Blank Space | End Game | Cruel Summer | cardigan | champagne problems | Maroon | The Tortured Poets Department | Elizabeth Taylor
98%
3 Teardrops On My Guitar | Love Story | Back To December | Treacherous | Style | I Did Something Bad | Lover | the last great american dynasty | gold rush | Anti-Hero | My Boy Only Breaks His Favorite Toys | Opalite
98%
5 Cold As You | White Horse | Dear John | All Too Well | All You Had To Do Was Stay | Delicate | The Archer | my tears ricochet | tolerate it | You're On Your Own, Kid | So Long, London | Eldest Daughter
97%
4 A Place in this World | Hey Stephen | Speak Now | I Knew You Were Trouble | Out Of The Woods | Don't Blame Me | The Man | exile | 'tis the damn season | Snow On The Beach | Down Bad | Father Figure
95%
8 Stay Beautiful | Tell Me Why | Never Grow Up | We Are Never Ever Getting Back Together | Bad Blood | Gorgeous | Paper Rings | august | dorothea | Vigilante Shit | Florida!!! | Wi$h Li$t
89%
7 Tied Together with a Smile | Breathe | The Story Of Us | I Almost Do | I Wish You Would | So It Goes... | Miss Americana & The Heartbreak Prince | seven | happiness | Question...? | Fresh Out The Slammer | Actually Romantic
87%
12 I'm Only Me When I'm With You | The Best Day | Haunted | Sad Beautiful Tragic | I Know Places | Dress | Soon You'll Get Better | mad woman | long story short | Sweet Nothing | loml | The Life of a Showgirl
85%
11 Our Song | Forever & Always | Innocent | Holy Ground | This Love | Dancing With Our Hands Tied | London Boy | invisible string | cowboy like me | Karma | I Can Fix Him (No Really I Can) | Honey
85%
6 The Outside | You Belong With Me | Mean | 22 | Shake It Off | Look What You Made Me Do | I Think He Knows | mirrorball | no body, no crime | Midnight Rain | But Daddy I Love Him | Ruin The Friendship
85%
13 Invisible | Change | Last Kiss | The Lucky One | Clean | This Is Why We Can't Have Nice Things | False God | epiphany | marjorie | Mastermind | I Can Do It With a Broken Heart
84%
9 Should've Said No | You're Not Sorry | Enchanted | Stay Stay Stay | Wildest Dreams | Getaway Car | Cornelia Street | this is me trying | coney island | Bejeweled | Guilty as Sin? | Wood
84%
10 Mary's Song (Oh My My My) | The Way I Loved You | Better Than Revenge | The Last Time | How You Get The Girl | King Of My Heart | Death By A Thousand Cuts | illicit affairs | ivy | Labyrinth | Who's Afraid of Little Old Me? | CANCELLED!
82%
15 Untouchable | Ours | Starlight | You Are In Love | New Year's Day | Afterglow | peace | evermore | Bigger Than The Whole Sky | The Alchemy
80%
14 A Perfectly Good Heart | Jump Then Fall | Long Live | Everything Has Changed | Wonderland | Call It What You Want | You Need To Calm Down | betty | closure | The Great War | The Smallest Man Who Ever Lived
77%
No matching quizzes found
Score Distribution
Percent of People with Each Score
Percentile by Number Answered
Your Score History
You have not taken this quiz